| 000 | 00797 a2200241 4500 | ||
|---|---|---|---|
| 003 | OSt | ||
| 005 | 20260203113448.0 | ||
| 008 | 120419t xxu||||| |||| 00| 0 eng d | ||
| 010 | _a92100002 | ||
| 020 | _a1855740052 | ||
| 040 | _c0 | ||
| 082 | 0 | 0 | _a720.92 |
| 100 | 1 |
_aTaylor, Brian Brace. _932616 |
|
| 245 | 1 | 0 |
_aRaj Rewal / _cBrian Brace Taylor ; with an essay by Romila Thapar. |
| 260 |
_aLondon : _bMimar Publications, _c1992. |
||
| 300 |
_a160 p. : _bill. (some col.) ; _c28 cm. |
||
| 500 | _aBilbliography: | ||
| 600 | 1 | 0 |
_aRewal, Raj _xCriticism and interpretation. _932617 |
| 650 | 0 |
_aArchitecture _zIndia _xHistory _y20th century. _932618 |
|
| 700 | 1 |
_aThapar, Romila. _96739 |
|
| 942 |
_aSADA _cBK _k720.92 TAY 1992 _2ddc |
||
| 999 |
_c352447 _d352447 |
||